| 000 -LEADER |
| fixed length control field |
02069cam a2200421 i 4500 |
| 001 - CONTROL NUMBER |
| control field |
20189454 |
| 003 - CONTROL NUMBER IDENTIFIER |
| control field |
NUST |
| 005 - DATE AND TIME OF LATEST TRANSACTION |
| control field |
20220825122903.0 |
| 008 - FIXED-LENGTH DATA ELEMENTS--GENERAL INFORMATION |
| fixed length control field |
171212s2018 nyuf 000 1 eng |
| 010 ## - LIBRARY OF CONGRESS CONTROL NUMBER |
| LC control number |
2017055446 |
| 020 ## - INTERNATIONAL STANDARD BOOK NUMBER |
| International Standard Book Number |
9781501179600 (hardback) |
| 020 ## - INTERNATIONAL STANDARD BOOK NUMBER |
| Canceled/invalid ISBN |
9781501179624 (ebook) |
| 038 ## - RECORD CONTENT LICENSOR |
| Staff Name |
Azhar |
| 040 ## - CATALOGING SOURCE |
| Original cataloging agency |
DLC |
| Language of cataloging |
eng |
| Description conventions |
rda |
| Transcribing agency |
DLC |
| 042 ## - AUTHENTICATION CODE |
| Authentication code |
pcc |
| 043 ## - GEOGRAPHIC AREA CODE |
| Geographic area code |
n-us--- |
| 050 00 - LIBRARY OF CONGRESS CALL NUMBER |
| Classification number |
PS648.S5 |
| Item number |
I83 2018 |
| 082 00 - DEWEY DECIMAL CLASSIFICATION NUMBER |
| Classification number |
813.010806 |
| Edition number |
23 |
| Author Mark |
SAN |
| 084 ## - OTHER CLASSIFICATION NUMBER |
| Classification number |
FIC003000 |
| -- |
FIC037000 |
| -- |
LCO002000 |
| Number source |
bisacsh |
| 245 00 - TITLE STATEMENT |
| Title |
It occurs to me that I am America : |
| Remainder of title |
new stories and art |
| Statement of responsibility, etc. |
edited by Jonathan Santlofer ; introduction by Viet Thanh Nguyen. |
| 250 ## - EDITION STATEMENT |
| Edition statement |
First Touchstone hardcover edition. |
| 260 ## - PUBLICATION, DISTRIBUTION, ETC. |
| Place of publication, distribution, etc. |
New York : |
| Name of publisher, distributor, etc. |
Touchstone, |
| Date of publication, distribution, etc. |
2018 |
| 300 ## - PHYSICAL DESCRIPTION |
| Extent |
xix, 374 pages : |
| Other physical details |
24 plates ; |
| Dimensions |
24 cm |
| 336 ## - CONTENT TYPE |
| Content type term |
text |
| Content type code |
txt |
| Source |
rdacontent |
| 337 ## - MEDIA TYPE |
| Media type term |
unmediated |
| Media type code |
n |
| Source |
rdamedia |
| 338 ## - CARRIER TYPE |
| Carrier type term |
volume |
| Carrier type code |
nc |
| Source |
rdacarrier |
| 520 ## - SUMMARY, ETC. |
| Summary, etc. |
"In time for the one-year anniversary of the Trump Inauguration and the Women's March, this provocative, unprecedented anthology features original short stories from thirty bestselling and award-winning authors--including Alice Walker, Richard Russo, Walter Mosley, Joyce Carol Oates, Alice Hoffman, Neil Gaiman, Michael Cunningham, Mary Higgins Clark, and Lee Child--with an introduction by Pulitzer Prize-winning author Viet Thanh Nguyen"-- |
| Assigning source |
Provided by publisher. |
| 650 #0 - SUBJECT ADDED ENTRY--TOPICAL TERM |
| Topical term or geographic name entry element |
Short stories, American. |
| 9 (RLIN) |
8229 |
| 650 #0 - SUBJECT ADDED ENTRY--TOPICAL TERM |
| Topical term or geographic name entry element |
American fiction |
| Chronological subdivision |
21st century. |
| 9 (RLIN) |
96169 |
| 650 #7 - SUBJECT ADDED ENTRY--TOPICAL TERM |
| Topical term or geographic name entry element |
FICTION / Anthologies (multiple authors). |
| Source of heading or term |
bisacsh |
| 9 (RLIN) |
96170 |
| 650 #7 - SUBJECT ADDED ENTRY--TOPICAL TERM |
| Topical term or geographic name entry element |
FICTION / Political. |
| Source of heading or term |
bisacsh |
| 9 (RLIN) |
96171 |
| 650 #7 - SUBJECT ADDED ENTRY--TOPICAL TERM |
| Topical term or geographic name entry element |
LITERARY COLLECTIONS / American / General. |
| Source of heading or term |
bisacsh |
| 9 (RLIN) |
96172 |
| 700 1# - ADDED ENTRY--PERSONAL NAME |
| Personal name |
Santlofer, Jonathan, |
| Dates associated with a name |
1946- |
| Relator term |
editor. |
| 9 (RLIN) |
96173 |
| 700 1# - ADDED ENTRY--PERSONAL NAME |
| Personal name |
Nguyen, Viet Thanh, |
| Dates associated with a name |
1971- |
| Relator term |
author of introduction. |
| 9 (RLIN) |
96174 |
| 906 ## - LOCAL DATA ELEMENT F, LDF (RLIN) |
| a |
7 |
| b |
cbc |
| c |
orignew |
| d |
1 |
| e |
ecip |
| f |
20 |
| g |
y-gencatlg |
| 942 ## - ADDED ENTRY ELEMENTS (KOHA) |
| Source of classification or shelving scheme |
|
| Koha item type |
Lincoln Corner |